Mosquées par images - Statistiques

Statistiques générales
  • Ce quiz a été pris 115 fois
  • Le résultat moyen est 5 sur 16
Statistiques - réponses
Par images Hint Réponse % Correct
VIIe-XXIe Mosquée al-Harâm de La Mecque
87%
VIIe Dôme du Rocher de Jérusalem
66%
XVIIe Mosquée Bleue d'Istanbul
62%
XIIe Mosquée Koutoubia de Marrakech
51%
VIIIe-Xe Mosquée de Cordoue
37%
XXIe Mosquée Cheikh Zayed d'Abou Dabi
34%
VIIe-XXe Mosquée du Prophète deMédine
28%
XIVe Mosquée Djingareyber de Tombouctou
25%
VIIIe Grande Mosquée des Omeyyades de Damas
18%
XIe-XXe Grande Mosquée d'Ispahan
15%
VIIe-IXe Grande Mosquée de Kairouan
13%
IXe Grande Mosquée de Samara
10%
Xe-XVIIIe Mosquée Al-Azhar du Caire
10%
XIe-XVIe Po i Kalon de Boukhara
10%
XVIe Mosquée impériale de Sarajevo
9%
XVIIe Mosquée du Vendredi de Delhi
7%
Aucun quiz correspondant
Distribution des résultats
% des personnes avec chaque résultat
Percentile par nombre de réponses
Votre historique - résultats
Vous n’avez pas pris ce quiz